000 00702cam a22002413a 4500
001 8461
003 PGUSA
005 20140828083157.0
008 050701s2005||||xxu|||||s|||||000 | eng d
040 _aPGUSA
_beng
042 _adc
050 4 _aDA
100 1 _aHunt, Henry,
_d1773-1835
245 1 0 _aMemoirs of Henry Hunt, Esq. — Volume 2
_h[electronic resource] /
_cHenry Hunt
260 _bProject Gutenberg,
_c2005
506 _aPublic domain in the USA.
516 _aElectronic text
653 _aSocial reformers -- Great Britain -- Biography
653 _aHunt, Henry, 1773-1835
830 0 _aProject Gutenberg
_v8461
856 4 0 _uhttp://www.gutenberg.org/ebooks/8461
942 _cEB
999 _c237761
_d237761